000 00290cam a2200121ua 4500
082 _a954.83
_bLOG/MA
100 _aLogan, Willaim .
_91456
245 _aMalabar vol-1 /
250 _a1 /
260 _aNew Delhi :
_bAsian Educational Services ,
_c1989.
300 _a759 ; .
942 _cBK
999 _c8876
_d8876